header

No time (Record no. 176473)

MARC details
000 -LEADER
fixed length control field 01231nam a22002894a 4500
082 04 - DEWEY DECIMAL CLASSIFICATION NUMBER
Classification number 303.48/3
100 1# - MAIN ENTRY--AUTHOR NAME
Personal name Menzies, Heather,
245 10 - TITLE STATEMENT
Title No time
260 ## - PUBLICATION, DISTRIBUTION, ETC. (IMPRINT)
Place of publication Vancouver, B.C. :
Name of publisher Douglas & McIntyre ;
Place of publication [Berkeley, CA] :
Name of publisher Distributed in the U.S. by Publishers Group West,
Year of publication c2005.
300 ## - PHYSICAL DESCRIPTION
Number of Pages xi, 291 p. :
Other physical details ports. .
650 #0 - SUBJECT ADDED ENTRY--TOPICAL TERM
Topical Term Technology
856 40 - ELECTRONIC LOCATION AND ACCESS
Uniform Resource Identifier http://site.ebrary.com/lib/rucke/Doc?id=10312707

No items available.

© 2026 Rongo University
Contact us: librarian | system librarian | Rongo university